000 00291nam a2200121Ia 4500
008 190216s9999||||xx |||||||||||||| ||und||
100 _aSalgaonkar V D
245 4 _aThe Gates Of Wisdom
260 _bThe Macmillian Co. Of India Ltd
_c1971
300 _a166p
650 _aNovel
942 _cBK
999 _c12501
_d12501